000 00302nam a22001097a 4500
082 _a616.891425
_bWOO
100 _aJeffrey C. Woo
245 _aThe Cognitive behavioral therapy: workbook for personality disorder/
260 _aNew York:
_bHarbinger;
_c2010
300 _a232p
942 _2ddc
_cBK
999 _c614725
_d614725